000 00797nam a2200205 4500
001 140177
003 ES-MaACL
005 20230906200027.0
007 t|
008 070214s1962 sp r ||||1| spa d
100 1 _aSchultz, J. H.
_9104775
245 1 3 _aEl entrenamiento autógeno
_b: (autorrelajación concentrativa) : exposición clínico-práctica /
_cJ. H. Schultz ; versión española de Enrique Low-Maus, Domingo Saumench Gimeno, Tomás Amat Puértolas.
250 _a2ª ed. española mejorada y completada.
260 _aBarcelona :
_bCientífico Médica,
_c1962.
300 _a345 p. :
_bil. ;
_c25 cm.
700 1 _aLow-Maus, Enrique.
_974370
700 1 _aSaumench Gimeno, Domingo.
_9103980
700 1 _aAmat Puértolas, Tomás.
_921144
852 _aES-MaACL
_jC-21513
_bR.49982
999 _c140177
_d140177